000 00439aam a2200169 4500
005 20170111133507.0
008 150727b xxu||||| |||| 00| 0 spa d
041 _aInglés
082 _a428 L481t
100 _aLee Mckay, Sandra
_936087
245 _aTeaching english overseas : an introduction
260 _aInglaterra
_bOxford
_c2000
300 _a155 páginas
650 _aINGLÉS
_92062
650 _a ENSEÑANZA
_9236
942 _cBK
999 _c8708
_d8708